000 00746nam a2200205Ia 4500
003 GCL
008 140319s9999 xx 000 0 ara d
040 _aGCL /
_cGCL
082 0 4 _a813.00962
_bم ظ
100 1 _aمراد عبدالرحمن مبروك
245 1 0 _aالظواهر الفنية فى القصة القصيرة المعاصرة فى مصر 1967 - 1984 /
_cمراد عبدالرحمن مبروك
260 _aالقاهرة :
_bالهيئة المصرية العامة للكتاب ،
_c1989
300 _a319 ص
490 _aدراسات ادبية
_v0
650 0 4 _aالادب العربى
650 0 4 _aالقصص القصيرة
650 0 4 _aالطرق الفنية
650 0 4 _aتاريخ ونقد
942 _2ddc
_cBK
999 _c29004
_d29004